00447nam a2200181Ia 4500008004100000020001800041050001500059050001400074100001800088245004500106245001900151260001300170260001900183260000900202300001400211300001100225650002900236160319s9999 xx 000 0 und d a9789712725842 a899.210301 bJ62s 2011 aJoaquin, Nick 4aThe summer solstice and other stories /  cNick, Joaquin. aManila : bAnvil Pub. Inc c2011 a111 p. ;  c19 cm. aShort stories, Filipino.